=LDR 00000nam 2200000 4500 =001 INLIS000000000036338 =005 20130612142131 =008 ***********************************Ind** =035 ##$$0010-061300000036338 =041 ##$$a Ind =082 ##$$a 364.2 =090 ##$$a 364.2, Sho m =100 ##$$a Shone, Rab =245 ##$$a Membongkar misteri kriminal, jenazah dan kerangka, oleh Rob Shone ; alih bahasa, Fransisko Dyah H =260 ##$$a 2008 $b Jakarta =300 ##$$a 48 hlm, ilus, 28 cm =650 ##$$a Antropologi =700 ##$$a Dyah, Fransiska =850 ##$$a NBPNMAT